Využívanie alternatívnych foriem financovania podnikmi v EÚ bakalárska práca

Gespeichert in:
Bibliographische Detailangaben
1. Verfasser: Hrčková, Ema
Körperschaft: Fakulta podnikového manažmentu EU. Katedra podnikových financií
Weitere Verfasser: Kubranová, Magdaléna, 1956-
Format: Buch
Sprache:Slowakisch
Veröffentlicht: Bratislava 2019
Tags: Tag hinzufügen
Keine Tags, Fügen Sie das erste Tag hinzu!

MARC

LEADER 00000nbm a2200000 4500
001 0257840
005 20191120140528.3
041 0 |a slo 
044 |a SK 
245 1 0 |a Využívanie alternatívnych foriem financovania podnikmi v EÚ  |b bakalárska práca  |c Ema Hrčková ; školiteľ: Magdaléna Kubranová 
264 1 |a Bratislava  |c 2019 
300 |a 58 s. 
100 1 |a Hrčková, Ema 
700 1 |a Kubranová, Magdaléna, 1956- 
710 2 |a Fakulta podnikového manažmentu EU. Katedra podnikových financií